Ocurrencias romanas /
Guardat en:
| Autor principal: | |
|---|---|
| Format: | Desconegut |
| Idioma: | Spanish |
| Publicat: |
San José, Costa Rica :
Ediciones Promesa,
2006.
|
| Matèries: | |
| Etiquetes: |
Afegir etiqueta
Sense etiquetes, Sigues el primer a etiquetar aquest registre!
|
MARC
| LEADER | 000000000a22000000004500 | ||
|---|---|---|---|
| 001 | 009874 | ||
| 020 | |a 9968410977 | ||
| 041 | 0 | |a spa | |
| 082 | 0 | 4 | |a G863.4 |b G643o |
| 100 | 1 | |a González Villanueva, Gustavo | |
| 245 | 1 | 0 | |a Ocurrencias romanas / |c Gustavo González Villanueva. |
| 260 | 1 | |a San José, Costa Rica : |b Ediciones Promesa, |c 2006. | |
| 300 | |a 60 páginas | ||
| 500 | |a La biblioteca contiene otro ejemplar con número de inscripción 6192-1 | ||
| 650 | 4 | |a LITERATURA GUATEMALTECA | |
| 650 | 4 | |a CUENTOS | |
| 999 | |c 15869 |d 15869 | ||
| 942 | |c BK |h G863.4 G643o |2 z | ||



